000 00528nam a2200193Ia 4500
005 20250508152108.0
008 008 250505s9999 xx 000 0 hin d
037 _aTextual
040 _aFEDL
_beng
_cFEDL
041 _ahin
_2hin
084 _a371.3, JAI
_qFEDL
100 _aJaiswal Sitaram
_9757808
245 0 _aShiksha vidhan
260 _aBanaras, India
_bNand Kishore and Brothers
_c1954
300 _a200p.
650 _aTeaching Technique
942 _cTEXL
_h371.3, JAI
999 _c1334220
_d1334220